Responses for Show #7858 - Wednesday, November 7, 2018

2018 Teen Tournament quarterfinal game 1.

Contestants

[<< previous game]

Maya Wright, a senior from Peachtree City, Georgia

Anish Maddipoti, a junior from Austin, Texas

Emma Arnold, a junior from Owings Mills, Maryland

[next game >>]

Jeopardy! Round responses

YOUNG ADULT READING
SPORTS ABBREV.
ON THE CALENDAR
WE WALKED TO SCHOOL
IT WAS 10 MILES
IN THE "SNOW"
    $200 30
Alice's Adventures in Wonderland

Maya
    $200 8
a base on balls

Triple Stumper
    $200 1
Flag Day

Anish
    $200 27
MIT (or the Massachusetts Institute of Technology)

Anish
    $200 23
water

Maya
    $200 21
white as snow

Emma
    $400 11
Sisterhood of the Traveling Pants

Maya
    $400 9
(Maya: What is total knockout?)

a technical knockout

Maya
Triple Stumper
    $400 2
(Anish: What is Memorial Day?)

Mother's Day

AnishMaya
    $600 5
Tennessee

Anish
    $400 24
a (radio) telescope

Emma
    $400 19
a snow globe

Anish
    $600 12
Allegiant

Maya
    $600 6
points per game

Anish
    $600 3
Dr. Seuss

Maya
    $600 20
UCLA

Anish
    $600 15
Richmond

Anish
    $600 17
snow peas

Emma
    $800 13
(Anish: What is an android?)

a cyborg

AnishMaya
    $800 7
defensive end

Anish
    $800 4
the (bald) eagle

Anish
    $800 16
University of Pennsylvania

Anish
    $800 25
the Palace of Versailles

Anish
    $800 18
snowflake

Maya
    $1000 29
Mortal Instruments

Maya
    $1000 10
wins above replacement

Triple Stumper
    $1000 14
Black Friday

Anish
    $1000 26
Tulane

Maya
    $1000 28
Atlanta

Maya
    $1000 22
snowplow

Emma

Scores at the first commercial break (after clue 15):

Emma Anish Maya
$0 $3,400 $2,400

Scores at the end of the Jeopardy! Round:

Emma Anish Maya
$2,200 $6,200 $6,600

Double Jeopardy! Round responses

PLEASE WELCOME MYTH GREECE
TEEN MATH
A WORD OF ADVICE
QUOTING THE MOVIES
OOPS ON STAMPS
COMING OF AGE
    $400 5
Olympus

Anish
    $400 9
Euclid

Emma
    $400 30
a tip

Anish
    $400 14
The Martian

Maya
    $400 22
illiteracy

Maya
    $400 17
(Emma: Who is Victoria? Victorian Age. What is--)
(Alex: Thank you. You got 'em both.)

Victoria or the Victorian Age

Emma
    $800 4
Jason

Maya
    $800 10
a tangent line

Anish
    $800 29
guidance

Emma
    $800 12
Finding Nemo

Maya
    $800 23
the Statue of Liberty

Maya
    $800 18
piracy

Emma
    $1200 3
Poseidon

Maya
    $1200 6
405

Triple Stumper
    $1200 27
suggestion

Maya
    $1200 13
Avatar

Maya
    $1200 24
Franklin D. Roosevelt

Maya
    $1200 19
rice

Maya
    $1600 1
Delphi

Emma
    $3,000 7
(Anish: What is Fibonacci number?)

a prime number

Anish
    $1600 11
(Maya: What is a modem?)

a maxim

Maya
Triple Stumper
    $1600 15
Gravity

Anish
    $1600 25
Yosemite

Emma
    $1600 20
capitalism

Emma
    $2000 2
Ares

Maya
    $2000 8
conic sections

Anish
    $2000 28
input

Maya
    $2000 16
Wonder Woman

Emma
    $2000 26
(Anish: What is Hong Kong?)

Taiwan

EmmaAnish
    $2,000 21
steam

Emma

Scores at the end of the Double Jeopardy! Round:

Emma Anish Maya
$15,400 $6,400 $18,200

Final Jeopardy! Round responses

BROADWAY MUSICALS
AnishWhat is Hair
$2,800
EmmaWhat is "Dear Evan Hansen"?
$3,000
MayaWhat is Dear Evan Hanson?
$8,000
Dear Evan Hansen

Final scores:

Emma Anish Maya
$18,400 $3,600 $26,200
2nd place: $5,000 if eliminated 3rd place: $5,000 if eliminated Automatic semifinalist

Game dynamics:

Coryat scores:

Emma Anish Maya
$15,400 $9,200 $18,200
14 R
(including 1 DD),
0 W
17 R
(including 1 DD),
4 W
(including 1 DD)
23 R,
2 W

Combined Coryat: $42,800

[game clues] [game scores] [suggest correction]

Game tape date: 2018-08-28
The J! Archive is created by fans, for fans. Scraping, republication, monetization, and malicious use prohibited; this site may use cookies and collect identifying information. See terms. The Jeopardy! game show and all elements thereof, including but not limited to copyright and trademark thereto, are the property of Jeopardy Productions, Inc. and are protected under law. This website is not affiliated with, sponsored by, or operated by Jeopardy Productions, Inc. Join the discussion at JBoard.tv.